Novels DITLOID - Statistics

General Stats
  • This quiz has been taken 17 times
  • The average score is 8 of 11
Answer Stats
DITLOID title % Correct
20,000 L U t S 20,000 Leagues Under the Sea
100%
A t W i 80 D Around the World in 80 Days
100%
F 451 Fahrenheit 451
100%
C-22 Catch-22
94%
A T o 2 C A Tale of Two Cities
69%
1 F O t C N One Flew Over the Cuckoo's Nest
69%
100 Y o S One Hundred Years of Solitude
63%
S-5 Slaughterhouse-Five
56%
T 3 M The 3 Musketeers
56%
1,000 S S A Thousand Splendid Suns
25%
T 2 T The Two Towers
19%
No matching quizzes found
Score Distribution
Percent of People with Each Score
Percentile by Number Answered
Your Score History
You have not taken this quiz